the wind singer: (Record no. 9499)
[ view plain ]
| 000 -LEADER | |
|---|---|
| fixed length control field | 00900nam a22001817a 4500 |
| 003 - CONTROL NUMBER IDENTIFIER | |
| control field | OSt |
| 005 - DATE AND TIME OF LATEST TRANSACTION | |
| control field | 20260416053733.0 |
| 008 - FIXED-LENGTH DATA ELEMENTS--GENERAL INFORMATION | |
| fixed length control field | 260416b |||||||| |||| 00| 0 eng d |
| 040 ## - CATALOGING SOURCE | |
| Original cataloging agency | DWCL GS lib |
| Transcribing agency | OC |
| 082 ## - DEWEY DECIMAL CLASSIFICATION NUMBER | |
| Classification number | Fic. N515w 2003 |
| 100 ## - MAIN ENTRY--PERSONAL NAME | |
| Personal name | Nicholson, William |
| 245 ## - TITLE STATEMENT | |
| Title | the wind singer: |
| Remainder of title | book one in the wind on fire trilogy |
| Statement of responsibility, etc. | William Nicholson |
| 300 ## - PHYSICAL DESCRIPTION | |
| Extent | 358 |
| Dimensions | 23cm |
| 520 ## - SUMMARY, ETC. | |
| Summary, etc. | The Wind Singer (2000) by William Nicholson is a YA fantasy novel set in the strictly meritocratic city of Aramanth, where citizens are color-coded by performance. Kestrel Hath, defying this oppressive system, sets out with her twin, Bowman, and classmate, Mumpo, to find the voice of the ancient "Wind Singer" statue to save their city from the evil, mind-controlling |
| 546 ## - LANGUAGE NOTE | |
| Language note | English |
| 700 ## - ADDED ENTRY--PERSONAL NAME | |
| Personal name | William Nicholson |
| 942 ## - ADDED ENTRY ELEMENTS (KOHA) | |
| Source of classification or shelving scheme | Dewey Decimal Classification |
| Koha item type | Fiction |
| Classification part | Fic. N515w 2003 |
| Suppress in OPAC | No |
| 952 ## - LOCATION AND ITEM INFORMATION (KOHA) | |
| -- | |
| Withdrawn status | Lost status | Source of classification or shelving scheme | Damaged status | Not for loan | Home library | Current library | Shelving location | Date acquired | Source of acquisition | Total Checkouts | Full call number | Barcode | Date last seen | Price effective from | Koha item type | Uniform Resource Identifier |
|---|---|---|---|---|---|---|---|---|---|---|---|---|---|---|---|---|
| Dewey Decimal Classification | Grade School Library | Grade School Library | Fiction | 04/16/2026 | School Fund, Donation | Fic. N515w 2003 | 8141 | 04/16/2026 | 04/16/2026 | FIC. |